02549njm a2200421Ia 450000100060000000300090000600500170001500800410003204000130007304000130008610000120009910000180011110000380012924500280016725000110019526000080020626000380021430000170025230000280026950000290029750504210032651100390074765000590078670000640084570000750090970000750098470000710105970000970113070001000122770000960132770001400142370001350156370000840169870000810178270000900186370000860195370000880203935984IT-RoPAU20220918181130.0131025s9999 xx 000 0 und d aIT-RoPAU cIT-RoPAU aAA.VV.  eAutore musica gCodice autore musica SPICS: 12000 aWorld of the Harp (The) a1a ed. aUSA bDELOS RECORDSc1983 [1a Ed.:1983] aCOMPACT DISC c4 minuti (Testo: pag.) aMusica strumentale: arpa aSiciliana (4:00) - La mandoline (4:00) - La source (4:00) - La fille aux cheveux de lin (3:00) - Jazz Band (4:00) - Etude de concert (4:00) - Pavane et bransles (4:00) - Courante (4:00) - Greensleeves (3:00) - Believe Me If All Those Endearing Young Charms and Irish Gigue (2:00) - Llanos (3:00) - La guabina (2:00) - Fire Dance (2:00) - Rumores de la caleta (4:00) - Sonata in d-re (2:00) - Song In the Night (4:00) aConcert Paraguayan and Irish Harps aSTRUMENTALE [COMPACT DISC]eCodice MATERIA SPICS: 9949 aMcDonald SusanngCodice interprete SPICS: 17060eInterprete aGrandjanygCodice autore musica SPICS: 17058eAutore musicapSiciliana aAlvarsgCodice autore musica SPICS: 17059eAutore musicapLa mandoline aZabelgCodice autore musica SPICS: 17061eAutore musicapLa source aDebussy ClaudegCodice autore musica SPICS: 7486eAutore musicapLa fille aux cheveux de lin aTournier MarcelgCodice autore musica SPICS: 17062eAutore musicapJazz Band - Etude de concert aFrancisquegCodice autore musica SPICS: 17063eAutore musicapPavane et bransles - Courante aAnonimogCodice autore musica SPICS: 2620eAutore musicapGreensleeves - Believe Me If All Those Endearing Young Charms and Irish Gigue aMcDonald SusanngCodice autore SPICS: 17060eAutorepGreensleeves - Believe Me If All Those Endearing Young Charms and Irish Gigue aOrtiz D.gCodice autore musica SPICS: 17064eAutore musicapLlanos - La guabina aWatkins JuliusgCodice autore musica SPICS: 17065eAutore musicapFire Dance aAlbeniz IsaacgCodice autore musica SPICS: 10716eAutore musicapRumores de la caleta aAlbeniz MateogCodice autore musica SPICS: 17066eAutore musicapSonata in d (re) aSalzedo CarlosgCodice autore musica SPICS: 17067eAutore musicapSong In the Night